| 000 | 00491pam a2200181 a 4500 | ||
|---|---|---|---|
| 020 |
_a8171798179 _c275.00 |
||
| 041 |
_aeng _hNULL |
||
| 082 |
_a618.2 _bDAS |
||
| 100 | _aDASGUPTA, S . | ||
| 245 |
_aRECENT ADVANCES IN OBSTETRICS & GYNAECOLOGY 5 / _cNULL. _hTextual Documents |
||
| 250 |
_a / _b. |
||
| 260 |
_aNULL : _bJAYPEE BROTHERS MEDICAL PUB. , _c2001. |
||
| 300 |
_a245 : _bx ; _cNULL . |
||
| 365 | _a275.00 | ||
| 930 | _a1234 | ||
| 999 |
_c795770 _d795770 |
||
| 650 | _aOBST.GYNE | ||